Urs aur melay/ (Record no. 330819)
[ view plain ]
| 000 -LEADER | |
|---|---|
| fixed length control field | nam a22 7a 4500 |
| 003 - CONTROL NUMBER IDENTIFIER | |
| control field | NUST |
| 005 - DATE AND TIME OF LATEST TRANSACTION | |
| control field | 20170809115332.0 |
| 008 - FIXED-LENGTH DATA ELEMENTS--GENERAL INFORMATION | |
| fixed length control field | 170809b xxu||||| |||| 00| 0 eng d |
| 040 ## - CATALOGING SOURCE | |
| Transcribing agency | NUST |
| 082 ## - DEWEY DECIMAL CLASSIFICATION NUMBER | |
| Classification number | 297.56 |
| Author Mark | SAR |
| 100 ## - MAIN ENTRY--PERSONAL NAME | |
| Personal name | Aman Ullah Khan Arman Sarhadi |
| 9 (RLIN) | 3875 |
| 245 ## - TITLE STATEMENT | |
| Title | Urs aur melay/ |
| Statement of responsibility, etc. | by Aman Ullah Khan Arman Sarhadi |
| 260 ## - PUBLICATION, DISTRIBUTION, ETC. | |
| Place of publication, distribution, etc. | Lahore: |
| Name of publisher, distributor, etc. | Sheikh Ghulam Ali and Sons, |
| 300 ## - PHYSICAL DESCRIPTION | |
| Extent | 299 p. |
| 650 ## - SUBJECT ADDED ENTRY--TOPICAL TERM | |
| Topical term or geographic name entry element | Biographies |
| 9 (RLIN) | 3595 |
| 880 ## - ALTERNATE GRAPHIC REPRESENTATION | |
| Linkage | 100-01\(3\r |
| Title | امان اللہ خان ارمان سرحدی |
| 880 ## - ALTERNATE GRAPHIC REPRESENTATION | |
| Linkage | 245-02\(3\r |
| Title | عرس اور میلے |
| c | امان اللہ خان ارمان سرحدی |
| 880 ## - ALTERNATE GRAPHIC REPRESENTATION | |
| Linkage | 260-03\(3\r |
| Title | لاہور: |
| b | شیخ غلام علی اینڈ سنز، |
| 942 ## - ADDED ENTRY ELEMENTS (KOHA) | |
| Source of classification or shelving scheme | |
| Koha item type | Book |
| Withdrawn status | Lost status | Source of classification or shelving scheme | Damaged status | Not for loan | Collection code | Permanent Location | Current Location | Shelving location | Date acquired | Total Checkouts | Full call number | Barcode | Date last seen | Copy number | Price effective from | Koha item type |
|---|---|---|---|---|---|---|---|---|---|---|---|---|---|---|---|---|
| Central Library (CL) | Central Library (CL) | First Floor - Islam | 08/09/2017 | 297.56 SAR | CL2793 | 03/12/2020 | 1 | 08/09/2017 | Book |
